Wörterbuch der griechischen Papyrusurkunden / Suppl. 3 (1977 - 1988) / Akademie der Wissenschaften und der Literatur, Mainz. Hrsg. von Hans-Albert Rupprecht. Bearb. von Andrea Jördens
Saved in:
| Other Authors: | , |
|---|---|
| Format: | Book/Monograph |
| Language: | Greek, Ancient (to 1453) |
| Published: |
Wiesbaden
Harrassowitz
2000
|
| In: |
Wörterbuch der griechischen Papyrusurkunden
|
| Online Access: |
|
| Author Notes: | begr. von Friedrich Preisigke. Bearb. u. hrsg. von Emil Kießling |
MARC
| LEADER | 00000cam a2200000 cc4500 | ||
|---|---|---|---|
| 001 | 1160113874 | ||
| 003 | DE-627 | ||
| 005 | 20240503192927.0 | ||
| 007 | tu | ||
| 008 | 010308s2000 xx ||||| 00| ||grc c | ||
| 016 | 7 | |a 960242767 |2 DE-101 | |
| 020 | |a 3447043660 |9 3-447-04366-0 | ||
| 024 | 8 | |a 55.061184.3 |q Sonstige Nr. | |
| 035 | |a (DE-627)1160113874 | ||
| 035 | |a (DE-576)09011387X | ||
| 035 | |a (DE-599)DNB960242767 | ||
| 035 | |a (OCoLC)313712771 | ||
| 040 | |a DE-627 |b ger |c DE-627 |e rakwb | ||
| 041 | |a grc | ||
| 084 | |a 56 |2 sdnb | ||
| 084 | |a 1 |2 ssgn | ||
| 245 | 0 | 0 | |a Wörterbuch der griechischen Papyrusurkunden |n Suppl. 3 |p (1977 - 1988) / Akademie der Wissenschaften und der Literatur, Mainz. Hrsg. von Hans-Albert Rupprecht. Bearb. von Andrea Jördens |c begr. von Friedrich Preisigke. Bearb. u. hrsg. von Emil Kießling |
| 264 | 1 | |a Wiesbaden |b Harrassowitz |c 2000 | |
| 300 | |a XIII, 541 S. | ||
| 336 | |a Text |b txt |2 rdacontent | ||
| 337 | |a ohne Hilfsmittel zu benutzen |b n |2 rdamedia | ||
| 338 | |a Band |b nc |2 rdacarrier | ||
| 583 | 1 | |a Archivierung/Langzeitarchivierung gewährleistet |f SSG |x XA-DE-BW |2 pdager |5 DE-21 | |
| 700 | 1 | |a Rupprecht, Hans-Albert |d 1938-2024 |e Hrsg. |0 (DE-588)102816352 |0 (DE-627)512976198 |0 (DE-576)162823916 |4 edt | |
| 700 | 1 | |a Jördens, Andrea |d 1958- |0 (DE-588)112370845 |0 (DE-627)616010052 |0 (DE-576)167285440 |4 oth | |
| 773 | 1 | 8 | |w (DE-627)1071155679 |w (DE-576)001155679 |g Suppl. 3 |q Suppl. 3 |7 nnam |a Wörterbuch der griechischen Papyrusurkunden |
| 787 | 0 | 8 | |i Rezensiert in |a Papathomas, Amphilochios |t Wörterbuch der griechischen Papyrusurkunden. Mit Einschluss der griechischen Inschriften, Aufschriften, Ostraka, Mumienschilder usw. aus Ägypten. Supplement 3 (1977-1988). Bearb. von A. Jördens |d 2002 |w (DE-627)1797912976 |
| 951 | |a MV | ||
| 992 | |a 20120530 | ||
| 993 | |a Book | ||
| 994 | |a 2000 | ||
| 998 | |g 112370845 |a Jördens, Andrea |m 112370845:Jördens, Andrea |d 910000 |d 950000 |d 950950 |e 910000PJ112370845 |e 950000PJ112370845 |e 950950PJ112370845 |k 0/910000/ |k 1/910000/950000/ |k 2/910000/950000/950950/ |p 2 | ||
| 999 | |a KXP-PPN1160113874 |e 2714536840 | ||
| BIB | |a Y | ||
| JSO | |a {"language":["grc"],"id":{"isbn":["3447043660"],"eki":["1160113874"]},"person":[{"role":"edt","given":"Hans-Albert","display":"Rupprecht, Hans-Albert","family":"Rupprecht"},{"role":"oth","display":"Jördens, Andrea","given":"Andrea","family":"Jördens"}],"physDesc":[{"extent":"XIII, 541 S."}],"type":{"bibl":"book"},"origin":[{"dateIssuedKey":"2000","publisher":"Harrassowitz","dateIssuedDisp":"2000","publisherPlace":"Wiesbaden"}],"title":[{"title":"(1977 - 1988) / Akademie der Wissenschaften und der Literatur, Mainz. Hrsg. von Hans-Albert Rupprecht. Bearb. von Andrea Jördens"}],"relMultPart":[{"id":{"eki":["1071155679"]},"part":{"number_sort":["Suppl. 3"],"number":["Suppl. 3"]},"language":["ger","grc"],"name":{"displayForm":["begr. von Friedrich Preisigke. Bearb. u. hrsg. von Emil Kießling"]},"person":[{"family":"Preisigke","given":"Friedrich","display":"Preisigke, Friedrich","role":"oth"},{"role":"edt","family":"Kießling","given":"Emil","display":"Kießling, Emil"}],"type":{"bibl":"edited-book"},"note":["In Fraktur. - Suppl.-Bd. 1 bei Hakkert, Amsterdam, erschienen"],"origin":[{"dateIssuedDisp":"1925-","publisherPlace":"Wiesbaden","dateIssuedKey":"1925","publisher":"Harrassowitz"}],"title":[{"subtitle":"mit Einschluß der griechischen Inschriften, Aufschriften, Ostraka, Mumienschilder usw. aus Ägypten","title_sort":"Wörterbuch der griechischen Papyrusurkunden","title":"Wörterbuch der griechischen Papyrusurkunden"}],"recId":"1071155679","ga":1}],"recId":"1160113874"} | ||
| SRT | |a WOERTERBUCHDERGRIECHSuppl. 320 | ||